| 000 | 00799 a2200205 4500 | ||
|---|---|---|---|
| 008 | 080820t xxu||||| |||| 00| 0 eng d | ||
| 010 | _aENG-84784 | ||
| 020 |
_a8175244011 _c90.00 |
||
| 035 | _aEN-68317 | ||
| 037 | _bD.B.Act / Pub | ||
| 082 | _a796 | ||
| 245 |
_aBasketball _cedited and compiled by J. P. Sharma _bskills and techniques |
||
| 260 |
_aNew Delhi _bKhel Sahitya Kendra _c2006 |
||
| 270 |
_a7/26, Ansari Road, Darya Ganj, _bNew Delhi _cDelhi _e110002 _k55190343, 42564726 _l42564726 _mkhelsahitya1@rediffmail.com |
||
| 300 |
_a62 p. _c21 cm (Hb) |
||
| 650 | _aBasketball | ||
| 700 | _aSharma, J. P. | ||
| 942 |
_adpl _cEN _k796 / BAS _2ddc _h796 _mBAS |
||
| 999 |
_c358 _d358 |
||